| 000 | 00586nam a2200193 i 4500 | ||
|---|---|---|---|
| 001 | 81253 | ||
| 003 | ES-MaACL | ||
| 007 | t| | ||
| 008 | 041103s1974 sp ||||1| spa d | ||
| 100 | 1 |
_aHudson, W. D. _964523 |
|
| 245 | 1 | 3 |
_aLa Filosofía moral contemporánea / _cW.D. Hudson ; versión de José Hierro S. Pescador. |
| 260 |
_a[Madrid] : _bAlianza, _c[1974] |
||
| 300 |
_a342 p. ; _c20 cm. |
||
| 490 | 1 | _aAlianza universidad | |
| 700 | 1 |
_aHierro S. Pescador, José. _963628 |
|
| 830 | 0 |
_aAlianza universidad _9177276 |
|
| 852 |
_aES-MaACL _jE-9541 _bR.93905 |
||
| 999 |
_c81253 _d81253 |
||